Proceeding Book of 5th ICCAR 2025 Proceeding Book of 5th International Conference on Contemporary Academic Research ICCAR 2025

Gespeichert in:
Bibliographische Detailangaben
Körperschaft: International Conference on Contemporary Academic Research
Format: Buch
Sprache:Englisch
Türkisch
Veröffentlicht: Konya All Sciences Academy 2025
Ausgabe:1st Edition
Schlagworte:
Tags: Tag hinzufügen
Keine Tags, Fügen Sie das erste Tag hinzu!

MARC

LEADER 00000nlm a2200000 4500
001 0313400
005 20251128080042.9
020 |a 978-625-5900-55-5 
041 0 |a eng 
041 0 |a tur 
044 |a TR 
245 1 0 |a Proceeding Book of 5th ICCAR 2025  |b Proceeding Book of 5th International Conference on Contemporary Academic Research ICCAR 2025 
250 |a 1st Edition 
264 1 |a Konya  |b All Sciences Academy  |c 2025 
300 |a 610 s. 
610 2 0 |a veda 
610 2 0 |a výskum 
610 2 0 |a univerzity 
610 2 0 |a školy vysoké 
610 2 0 |a technológie nové 
610 2 0 |a inteligencia umelá 
110 2 |a International Conference on Contemporary Academic Research